| 000 | 00538 a2200157 4500 | ||
|---|---|---|---|
| 005 | 20250610124951.0 | ||
| 020 | _a978-0-07-110103-5 | ||
| 082 | _aLECT 658.3 LUS | ||
| 100 | _aLUSSIER, R. N. | ||
| 245 | _aHuman relations in organizations: Application and skill building | ||
| 250 | _a7th Ed. | ||
| 260 |
_aNew York, _bMcGraw-Hill, _c2008. |
||
| 300 |
_axx, 678p.: ill.; figure, table. _bIndex, _c27cm. |
||
| 856 |
_yAccess online book _fHuman relations in organizations: Application and skill building _dwww.mhhe.com |
||
| 942 |
_2ddc _cBKS |
||
| 999 |
_c3608 _d3608 |
||